期刊信息 |
| 索取号 |
/YT
|
| 题名 |
乐坛
|
| 作者 |
|
| 分册号 |
|
| 分册名 |
|
| 出版地 |
合肥
|
| 出版者 |
安徽省阜阳地区邮电局[发行]
|
| 标准刊号 |
|
| 出版频率 |
月刊
|
| 中图法分类 |
J6
|
| 主题词 |
|
| 电子资源 | |
| |
|
| 000 | 01177nas0 2200385 45 | |
| 001 | 0739950812 | |
| 005 | 20070331110617.76 | |
| 011 | @d¥0.40(1987) | |
| 021 | @aCN @b安徽40 | |
| 092 | @aCN @b26-4 | |
| 100 | @a19990731b19801987em y0chiy0110 ea | |
| 101 | 0 | @achi |
| 102 | @aCN @b340000 | |
| 106 | @ar | |
| 110 | @aagaz 0yu0 | |
| 200 | 1 | @a乐坛 @Ayue tan @b期刊 |
| 207 | 0 | @a1980,no.1(1980,7,15)-1987,no.6(1987,11,15) = 总1-72 |
| 210 | @a合肥 @c安徽省阜阳地区邮电局[发行] @d1980-1987 | |
| 215 | @a72no. @d26cm | |
| 300 | @a赖少其题写刊名 | |
| 311 | @aMerged with: @a画刊 | |
| 311 | @aMerged with: @a戏剧界 | |
| 311 | @aContinues: @a安徽音乐 | |
| 311 | @aMerged with: @a艺术界 | |
| 326 | @a月刊 @b1980-1984 | |
| 326 | @a双月刊 @b1985-1987 | |
| 327 | 0 | @a乐坛文选 @a琅琊歌声 @a中小学、幼儿音乐教育园地 @a乐坛歌词选 |
| 430 | 1 | @11 200@a安徽音乐 |
| 447 | 1 | @11 200@a画刊 |
| 447 | 1 | @11 200@a戏剧界 |
| 447 | 1 | @11 200@a艺术界 |
| 610 | 0 | @a音乐 |
| 690 | @aJ6 @v4 | |
| 801 | 0 | @aCN @bNLC @c20070331@dlxy @emyy @f20010213 @gISBD(S) @b00 @c20021005 @lNLC01 @h0716 @b40 @c20050622 @lNLC01 @h1624 |
| 905 | @aTJWY@eYT | |
| 乐坛 [期刊 ].-1980,no.1(1980,7,15)-1987,no.6(1987,11,15) = 总1-72 .-合肥 :安徽省阜阳地区邮电局[发行] ,1980-1987 |
| 72no. ;26cm |
| 赖少其题写刊名.-继承:.-与:.-、.-和合订而成 |
| 部分内容:乐坛文选 ;琅琊歌声 ;中小学、幼儿音乐教育园地 ;乐坛歌词选 |
| ¥0.40(1987) |
| ● |
| 相关链接: |
|
|
|
|